| 000 | 00752cam a2200229 4500 | ||
|---|---|---|---|
| 001 | ABS61987 | ||
| 008 | 000000n2000 000 0 eng u | ||
| 035 | _a(Sirsi) u104419 | ||
| 100 | _aSimmons, G. | ||
| 245 | _aUK's largest aerial photographic survey project | ||
| 260 | _c2000 | ||
| 490 |
_aGeo Informatics _v3(1) January-February 2000 18-21(3) |
||
| 520 | _aDescribes the Millennium Aerial Photographic Survey project and the production, managerial, marketing, branding and organisational issues it raises. | ||
| 590 | _aABS | ||
| 650 | _aDIGITAL ORTHOPHOTO MAPS | ||
| 650 | _aGIS | ||
| 650 | _aGIS | ||
| 650 | _aDIGITAL MAPPING | ||
| 650 | _aMILLENNIUM AERIAL PHOTOGRAPHIC SURVEY | ||
| 690 | _aMAPPING AND MEASUREMENT | ||
| 942 | _n0 | ||
| 999 |
_c62646 _d62646 |
||